Visualizzazione normale
Vista MARC
- Dylan Bob
di Personal Name
Records bibliografici associati: 1
001 - CONTROL NUMBER
- control field: 2217
003 - CONTROL NUMBER IDENTIFIER
- control field: IT-RoPau
005 - DATE AND TIME OF LATEST TRANSACTION
- control field: 20131116120958.0
008 - FIXED-LENGTH DATA ELEMENTS
- fixed length control field: 131116|| aca||aabn | a|a d
040 ## - CATALOGING SOURCE
- Original cataloging agency: IT-RoPau
- Transcribing agency: IT-RoPau
100 ## - HEADING--PERSONAL NAME
- Personal name: Dylan Bob
- Relator term: Autore musica
- Miscellaneous information: Codice autore musica SPICS: 7026
- Name of part/section of a work: Country Pie/Brandenburg concerto N.6 - My Back Pages
670 ## - SOURCE DATA FOUND
- Source citation: Work cat.: (IT-RoPau)103308: Emerson Keith 998, With the Nice (Lp 6610 011 S)